00877nam a2200217 a 450000100100000000500170001000800410002704000250006808200200009310000400011324500540015326000400020730000200024750000630026765000300033065000310036004900090039195201180040095201240051899900170064200001268820240412074234.0091116s1997 dr 000 j spa d aDO-SdBNPbspacBNPHU aRD863.44bP637j1 aPilar, Sebastian del,d1951-92946310aJirones en las entrañas /cSebastian del Pilar. aSanto Domingo :bDe Colores,c1997. a75 p. ;c22 cm. aIncluye datos biográficos del autor en la contracubierta 4aCuetos dominicanos929464 0aLiteratura dominicana.967 aBNPD 0010718PDaPDbPDcCTd2009-11-16iLF1l0oRD863.44 P637jp12688-10r2020-06-25w2020-06-25yLFPDZNo se presta 0010718PDaPDbPDcCTd2009-11-23iLF1l0oRD863.44 P637jp12688-30r2020-06-25te. 2w2020-06-25yLFPDZNo se presta c12339d12339